[Event "Rated Blitz game"]
[Site "?"]
[Date "2021.10.31"]
[Round "?"]
[White "prof28"]
[Black "Annali-annaliew1979"]
[Result "0-1"]
[WhiteElo "2527"]
[BlackElo "2460"]
[PlyCount "20"]
[EventDate "2021.??.??"]
[EventType "blitz"]

1. e4 e5 2. Nf3 d5 3. Nc3 dxe4 4. Nxe4 f5 5. Nxe5 fxe4 6. Qh5+ g6 7. Nxg6 hxg6
8. Qxh8 Be6 9. d3 Qe7 10. Be3 Bg7 {Normal} 0-1

[Event "Rated Blitz game"]
[Site "?"]
[Date "2021.10.31"]
[Round "?"]
[White "Ianniello"]
[Black "Annali-annaliew1979"]
[Result "1/2-1/2"]
[WhiteElo "2461"]
[BlackElo "2491"]
[PlyCount "143"]
[EventDate "2021.??.??"]
[EventType "blitz"]

1. e4 e5 2. Nf3 d5 3. d3 dxe4 4. dxe4 Qxd1+ 5. Kxd1 Bg4 6. Bd3 Bc5 7. Ke2 Nc6
8. c3 O-O-O 9. Be3 Bb6 10. Bxb6 axb6 11. Nbd2 f6 12. Rad1 Nge7 13. h3 Bh5 14.
g4 Bf7 15. Bc4 Bxc4+ 16. Nxc4 Ng6 17. Ke3 Nf4 18. h4 h6 19. b4 Rhe8 20. Nb2 Ne7
21. Nd3 Nxd3 22. Rxd3 Rxd3+ 23. Kxd3 Ng6 24. h5 Nf4+ 25. Kc2 Rd8 26. Nd2 Rd3
27. f3 b5 28. Ra1 c5 29. bxc5 Kc7 30. a4 bxa4 31. Rxa4 Kc6 32. Rc4 Re3 33. Rb4
Re2 34. Rb6+ Kxc5 35. Rxb7 Rg2 36. Rxg7 Nxh5 37. Rg6 Nf4 38. Rxf6 h5 39. gxh5
Nxh5 40. Rf5 Ng3 41. Rxe5+ Kd6 42. Rg5 Ke6 43. Kb3 Kf6 44. Rg4 Ke5 45. Nc4+ Ke6
46. Ne3 Rg1 47. Nf5 Ne2 48. Rxg1 Nxg1 49. Nd4+ Ke5 50. Kc4 Nh3 51. Kd3 Nf4+ 52.
Ke3 Ng2+ 53. Kf2 Nf4 54. Ne2 Nd3+ 55. Ke3 Ne1 56. f4+ Ke6 57. Nd4+ Kd6 58. c4
Kc5 59. Nf3 Ng2+ 60. Kf2 Nxf4 61. e5 Kxc4 62. Ke3 Ne6 63. Ke4 Kc5 64. Ne1 Ng5+
65. Kf5 Nf7 66. e6 Nd6+ 67. Kf6 Kd5 68. Nd3 Ne4+ 69. Ke7 Ng5 70. Nf4+ Ke4 71.
Ng6 Nxe6 72. Kxe6 {Normal} 1/2-1/2

[Event "Rated Blitz game"]
[Site "?"]
[Date "2021.10.31"]
[Round "?"]
[White "lygintuvas"]
[Black "mirekkk14"]
[Result "0-1"]
[WhiteElo "2473"]
[BlackElo "2449"]
[PlyCount "30"]
[EventDate "2021.??.??"]
[EventType "blitz"]

1. e4 e5 2. Nf3 d5 3. exd5 e4 4. Qe2 Nf6 5. Nc3 Be7 6. Nxe4 O-O 7. d3 Re8 8.
Be3 Nxd5 9. O-O-O f5 10. Nc3 Nxc3 11. bxc3 f4 12. Bd4 Ba3+ 13. Kd2 Rxe2+ 14.
Bxe2 Nc6 15. g3 Bg4 {Normal} 0-1

[Event "Rated Blitz tournament HDysxeX7"]
[Site "?"]
[Date "2021.10.31"]
[Round "?"]
[White "predragvujin69"]
[Black "Toledanomad"]
[Result "0-1"]
[WhiteElo "2258"]
[BlackElo "2408"]
[PlyCount "110"]
[EventDate "2021.??.??"]
[EventType "blitz"]

1. e4 e5 2. Nf3 d5 3. Nxe5 Bd6 4. d4 dxe4 5. Bc4 Bxe5 6. dxe5 Qxd1+ 7. Kxd1 Nc6
8. Bf4 Nge7 9. Ke2 Ng6 10. Bg3 Ngxe5 11. Bd5 Bf5 12. Nc3 O-O-O 13. Bxe4 Bxe4
14. Nxe4 Rhe8 15. Rhe1 f5 16. Nc3 Nd3+ 17. Kf1 Nxe1 18. Rxe1 Rxe1+ 19. Kxe1 Nd4
20. f3 Nxc2+ 21. Ke2 Nd4+ 22. Ke3 g5 23. Be5 c5 24. g3 b5 25. f4 b4 26. Na4
gxf4+ 27. gxf4 Ne6 28. b3 Kb7 29. Nb2 Kc6 30. Nc4 Nd4 31. h4 Rg8 32. Kf2 Kd5
33. h5 Ke4 34. h6 Kd3 35. Nd6 Kc2 36. Nc4 Kb1 37. Bd6 Ne6 38. a4 Ka2 39. Nd2
Rd8 40. Nc4 Kxb3 41. Na5+ Kxa4 42. Nb7 Rxd6 43. Nxd6 b3 44. Nc4 Kb4 45. Nd2 c4
46. Ke3 c3 47. Nf3 b2 48. Nd4 Nxd4 49. Kxd4 b1=Q 50. Ke5 Qe4+ 51. Kf6 Qxf4 52.
Kf7 Qxh6 53. Ke7 c2 54. Kd7 c1=Q 55. Ke7 Qc7+ {Normal} 0-1

[Event "Rated Blitz game"]
[Site "?"]
[Date "2021.10.31"]
[Round "?"]
[White "kingnsns"]
[Black "Pepiton61"]
[Result "0-1"]
[WhiteElo "2352"]
[BlackElo "2401"]
[PlyCount "34"]
[EventDate "2021.??.??"]
[EventType "blitz"]

1. e4 e5 2. Nf3 d5 3. d4 dxe4 4. Nxe5 Bd6 5. Nc4 Nc6 6. Nxd6+ Qxd6 7. Be2 Nf6
8. Be3 h5 9. c4 Bg4 10. Nc3 Bxe2 11. Kxe2 O-O-O 12. d5 Ne5 13. Qd4 a6 14. Qa7
Nxc4 15. Qa8+ Kd7 16. Qxb7 Rb8 17. Qxa6 Qxa6 {Normal} 0-1

[Event "Rated Blitz game"]
[Site "?"]
[Date "2021.10.31"]
[Round "?"]
[White "www68"]
[Black "Annali-annaliew1979"]
[Result "1-0"]
[WhiteElo "2617"]
[BlackElo "2473"]
[PlyCount "73"]
[EventDate "2021.??.??"]
[EventType "blitz"]

1. e4 e5 2. Nf3 d5 3. Nxe5 Qe7 4. d4 f6 5. Nd3 Nc6 6. Be3 dxe4 7. Nf4 f5 8. Bc4
Nf6 9. O-O Bd7 10. c3 O-O-O 11. Nd5 Nxd5 12. Bxd5 Qf6 13. f4 exf3 14. Qxf3 g6
15. Nd2 Bd6 16. h3 Rde8 17. Ne4 Rxe4 18. Bxe4 Re8 19. Bd3 Ne7 20. Bf4 Bc6 21.
Qg3 Bxf4 22. Qxf4 Nd5 23. Qf2 Qg5 24. Rae1 Rxe1 25. Rxe1 f4 26. Be4 Ne3 27.
Bxc6 bxc6 28. Qf3 h5 29. g3 Nd5 30. Re5 Qf6 31. c4 Nb6 32. Qxf4 Qg7 33. b3 Kb7
34. h4 Nd7 35. Re6 c5 36. Qe4+ c6 37. Qxc6+ {Normal} 1-0

[Event "Rated Blitz game"]
[Site "?"]
[Date "2021.10.31"]
[Round "?"]
[White "Klemos"]
[Black "Pepiton61"]
[Result "1-0"]
[WhiteElo "2509"]
[BlackElo "2399"]
[PlyCount "113"]
[EventDate "2021.??.??"]
[EventType "blitz"]

1. e4 e5 2. Nf3 d5 3. exd5 e4 4. Qe2 Nf6 5. Nc3 Be7 6. Nxe4 O-O 7. Nxf6+ Bxf6
8. Qc4 Re8+ 9. Be2 b5 10. Qd3 Qe7 11. Qe3 Qd8 12. Qd3 b4 13. c4 bxc3 14. dxc3
Ba6 15. c4 Nd7 16. Be3 Ne5 17. Qc2 Rb8 18. O-O Rxb2 19. Qd1 Rxe2 20. Qxe2 Bxc4
21. Qc2 Nxf3+ 22. gxf3 Bxf1 23. Rxf1 Qxd5 24. Qxc7 Qxf3 25. Bxa7 h5 26. Qg3 Qa8
27. Bb6 Re4 28. h3 Qxa2 29. Rd1 Re5 30. Be3 Qe2 31. Rd2 Qe1+ 32. Kg2 Re8 33.
Rd5 g6 34. Rxh5 Qe2 35. Rc5 Kg7 36. Rc6 Be5 37. Qf3 Qb5 38. Rc5 Qd7 39. Rd5 Qe6
40. Bd4 Bxd4 41. Rxd4 Re7 42. Rh4 f5 43. Qc3+ Qf6 44. Rh7+ Kxh7 45. Qxf6 Rg7
46. h4 Kh6 47. Kg3 Rd7 48. Qh8+ Rh7 49. Qf8+ Kh5 50. Qf6 Kh6 51. h5 Rg7 52. Kh4
Kh7 53. hxg6+ Rxg6 54. Qxf5 Kg7 55. f4 Rh6+ 56. Kg4 Rg6+ 57. Kf3 {Time forfeit}
1-0

[Event "Rated Blitz game"]
[Site "?"]
[Date "2021.10.31"]
[Round "?"]
[White "Ivanchuch"]
[Black "Annali-annaliew1979"]
[Result "0-1"]
[WhiteElo "2452"]
[BlackElo "2475"]
[PlyCount "22"]
[EventDate "2021.??.??"]
[EventType "blitz"]

1. e4 e5 2. Nf3 d5 3. Nxe5 Qe7 4. d4 f6 5. Qh5+ g6 6. Nxg6 Qxe4+ 7. Be2 Qxg6 8.
Qxd5 Ne7 9. Qf3 Nbc6 10. c3 Bf5 11. Bf4 Bxb1 {Normal} 0-1

[Event "Rated Blitz game"]
[Site "?"]
[Date "2021.10.31"]
[Round "?"]
[White "LeFisk"]
[Black "totamaz025"]
[Result "0-1"]
[WhiteElo "2420"]
[BlackElo "2422"]
[PlyCount "58"]
[EventDate "2021.??.??"]
[EventType "blitz"]

1. e4 e5 2. Nf3 d5 3. exd5 e4 4. Nd4 Bc5 5. Nb3 Bxf2+ 6. Kxf2 Qf6+ 7. Ke1 Nh6
8. Be2 Nf5 9. Nc3 Qh4+ 10. g3 Nxg3 11. hxg3 Qxh1+ 12. Kf2 Qh2+ 13. Ke3 Qxg3+
14. Kd4 Nd7 15. Nxe4 Qe5+ 16. Ke3 f5 17. Bf3 fxe4 18. Bxe4 Nf6 19. d3 Bg4 20.
Qh1 O-O-O 21. Bd2 Nxd5+ 22. Kf2 Rdf8+ 23. Kg2 Nf4+ 24. Bxf4 Qxf4 25. Rf1 Qg5
26. Kh2 Qe5+ 27. Kg2 h5 28. Nd2 h4 29. Nf3 Qg3# {Normal} 0-1

[Event "Rated Blitz game"]
[Site "?"]
[Date "2021.10.31"]
[Round "?"]
[White "Schneeflocke17"]
[Black "larsental3"]
[Result "1-0"]
[WhiteElo "2429"]
[BlackElo "2365"]
[PlyCount "131"]
[EventDate "2021.??.??"]
[EventType "blitz"]

1. e4 e5 2. Nf3 d5 3. exd5 e4 4. Qe2 Nf6 5. Nc3 Be7 6. Nxe4 O-O 7. d3 Nxd5 8.
Qd1 f5 9. Nc3 Bb4 10. Bd2 Re8+ 11. Be2 Bxc3 12. bxc3 Qe7 13. c4 Nb6 14. Be3 Nc6
15. Qd2 Bd7 16. Kf1 h6 17. h4 Rad8 18. Re1 Qa3 19. c3 Be6 20. Qc2 Na4 21. Bd2
b6 22. d4 Bf7 23. Qb3 Qxb3 24. axb3 Nb2 25. Rb1 Nxc4 26. Bxc4 Bxc4+ 27. bxc4
Na5 28. Ne5 Rxe5 29. dxe5 Rxd2 30. c5 Nc4 31. cxb6 axb6 32. Re1 Nb2 33. Rh3 Nd3
34. Ree3 Nxf2 35. Rhf3 Ng4 36. Re1 Nh2+ 37. Kg1 Nxf3+ 38. gxf3 Kf7 39. f4 Ke6
40. h5 Rc2 41. Re3 Rc1+ 42. Kg2 c5 43. Rg3 b5 44. Rxg7 Rxc3 45. Rg6+ Ke7 46.
Rxh6 b4 47. Rb6 b3 48. h6 Kf7 49. h7 Kg7 50. Rb7+ Kh8 51. e6 Re3 52. e7 b2 53.
Rxb2 Rxe7 54. Rc2 Rxh7 55. Rxc5 Rf7 56. Kg3 Kg7 57. Kh4 Kg6 58. Rc6+ Rf6 59.
Rc8 Rf7 60. Rd8 Rg7 61. Re8 Rf7 62. Re7 Rf6 63. Re5 Rf7 64. Re6+ Rf6 65. Re8
Rf7 66. Rg8+ {Time forfeit} 1-0

[Event "Rated Blitz game"]
[Site "?"]
[Date "2021.10.31"]
[Round "?"]
[White "VCHDauKhuongDuy2011"]
[Black "Minty0209"]
[Result "1-0"]
[WhiteElo "2504"]
[BlackElo "2323"]
[PlyCount "107"]
[EventDate "2021.??.??"]
[EventType "blitz"]

1. e4 e5 2. Nf3 d5 3. exd5 e4 4. Qe2 Qe7 5. Nd4 Nf6 6. Nc3 a6 7. d3 Bg4 8. f3
exf3 9. Qxe7+ Bxe7 10. gxf3 Bd7 11. Bf4 c5 12. dxc6 Nxc6 13. Nxc6 Bxc6 14. Be2
Bb4 15. O-O-O Bxc3 16. bxc3 Nd5 17. Bd2 O-O-O 18. c4 Nc7 19. Rhg1 g6 20. Rde1
f5 21. Bd1 Rhe8 22. f4 Ne6 23. Re5 Nd4 24. Rge1 Rxe5 25. Rxe5 Re8 26. Rxe8+
Bxe8 27. Be3 Ne6 28. Bf3 Bc6 29. Bd5 Kd7 30. Kd2 Nc7 31. Bg8 h6 32. Bf7 g5 33.
fxg5 hxg5 34. Bxg5 b5 35. cxb5 Nxb5 36. Bf6 Nd6 37. Bb3 f4 38. Be5 f3 39. Bxd6
Kxd6 40. Ke3 Ke5 41. d4+ Kf5 42. d5 f2 43. Kxf2 Bd7 44. Ke3 Ke5 45. c4 a5 46.
c5 a4 47. Bc4 Bc8 48. a3 Bh3 49. Kd3 Bf5+ 50. Kc3 Bd7 51. Kb4 Kd4 52. d6 Be8
53. Bb5 Bf7 54. d7 {Normal} 1-0

[Event "Rated Blitz game"]
[Site "?"]
[Date "2021.10.31"]
[Round "?"]
[White "Zlatan2010"]
[Black "Lasker-on-speed"]
[Result "1-0"]
[WhiteElo "2487"]
[BlackElo "2384"]
[PlyCount "81"]
[EventDate "2021.??.??"]
[EventType "blitz"]

1. e4 e5 2. Nf3 d5 3. exd5 Bd6 4. Nc3 Nf6 5. d3 O-O 6. Bg5 Bb4 7. Qd2 Re8 8.
Be2 Bxc3 9. Qxc3 Qxd5 10. Bxf6 gxf6 11. O-O c5 12. Nd2 Qd4 13. Bf3 Nc6 14. Bxc6
bxc6 15. Nb3 Qxc3 16. bxc3 c4 17. dxc4 Bf5 18. Rac1 Rad8 19. f3 Be6 20. Na5 Rd2
21. Rf2 Rxf2 22. Kxf2 Rb8 23. Nxc6 Rb2 24. Nxa7 Rxa2 25. Nc6 Bxc4 26. Kg3 Kf8
27. Nb4 Rb2 28. Ra1 Kg7 29. h4 h5 30. Ra7 Rb1 31. Rc7 Be6 32. Kf2 f5 33. Rc5
Kf6 34. Nd3 e4 35. Nf4 Rb2 36. Nxh5+ Ke7 37. Nf4 Rxc2+ 38. Ke3 exf3 39. Kxf3
Rc1 40. h5 Rf1+ 41. Kg3 {Normal} 1-0

[Event "Rated Blitz tournament nmlvIRQL"]
[Site "?"]
[Date "2021.10.31"]
[Round "?"]
[White "BraitLelumees"]
[Black "Madjrs72"]
[Result "0-1"]
[WhiteElo "2344"]
[BlackElo "2409"]
[PlyCount "106"]
[EventDate "2021.??.??"]
[EventType "blitz"]

1. e4 e5 2. Nf3 d5 3. exd5 e4 4. Qe2 Nf6 5. d3 Qxd5 6. Nc3 Bb4 7. Bd2 Bxc3 8.
Bxc3 O-O 9. dxe4 Nxe4 10. Rd1 Nxc3 11. Rxd5 Nxe2 12. Bxe2 Be6 13. Rd1 a6 14. a3
Nc6 15. O-O Rfe8 16. Nd4 Bd5 17. Bf3 Bxf3 18. Nxf3 Re2 19. Rd2 Rae8 20. Rfd1 g5
21. h3 h6 22. Rxe2 Rxe2 23. Rd2 Re7 24. c3 f5 25. Kf1 Kf7 26. Nd4 Nxd4 27. Rxd4
Ke6 28. Rd2 Kf6 29. Rd3 h5 30. Rd8 g4 31. hxg4 hxg4 32. Rb8 b6 33. Rf8+ Ke5 34.
Ra8 a5 35. Rg8 Kd5 36. b3 a4 37. Rd8+ Kc5 38. bxa4 Kc4 39. Rf8 Re5 40. Rf7 Rc5
41. Re7 Kxc3 42. Re3+ Kb2 43. Ke2 Rc3 44. Re5 Rxa3 45. Rxf5 Rxa4 46. Rf7 c5 47.
f4 gxf3+ 48. gxf3 c4 49. Rc7 c3 50. f4 c2 51. Ke3 c1=Q+ 52. Rxc1 Kxc1 53. f5
Ra8 {Time forfeit} 0-1

[Event "Rated Blitz game"]
[Site "?"]
[Date "2021.10.30"]
[Round "?"]
[White "Monte_2000"]
[Black "Annali-annaliew1979"]
[Result "1-0"]
[WhiteElo "2406"]
[BlackElo "2473"]
[PlyCount "35"]
[EventDate "2021.??.??"]
[EventType "blitz"]

1. e4 e5 2. Nf3 d5 3. exd5 e4 4. Qe2 f5 5. d3 Nf6 6. dxe4 fxe4 7. Nc3 Be7 8.
Nxe4 Nxe4 9. Qxe4 O-O 10. Be3 Bd6 11. O-O-O Bf5 12. Qc4 Nd7 13. Bd3 b5 14. Qb3
a5 15. Bxf5 Rxf5 16. Qd3 Qf6 17. Nd4 Nc5 18. Qxf5 {Normal} 1-0

[Event "Rated Blitz game"]
[Site "?"]
[Date "2021.10.30"]
[Round "?"]
[White "Seralcan23"]
[Black "Annali-annaliew1979"]
[Result "0-1"]
[WhiteElo "2413"]
[BlackElo "2487"]
[PlyCount "22"]
[EventDate "2021.??.??"]
[EventType "blitz"]

1. e4 e5 2. Nf3 d5 3. exd5 e4 4. Nd4 c5 5. dxc6 Qxd4 6. cxb7 Bxb7 7. Bb5+ Nc6
8. O-O Nf6 9. c3 Qe5 10. a4 Bd6 11. d4 Qxh2# {Normal} 0-1

[Event "Rated Blitz game"]
[Site "?"]
[Date "2021.10.30"]
[Round "?"]
[White "Superchoc"]
[Black "RCompany_1"]
[Result "0-1"]
[WhiteElo "2487"]
[BlackElo "2422"]
[PlyCount "52"]
[EventDate "2021.??.??"]
[EventType "blitz"]

1. e4 e5 2. Nf3 d5 3. Nxe5 Bd6 4. d4 dxe4 5. Bf4 Nf6 6. Nc3 O-O 7. Bc4 Nc6 8.
Nxc6 bxc6 9. Bg3 Rb8 10. Bb3 Rb4 11. a3 Rb8 12. O-O a5 13. Bh4 Be7 14. Bxf6
Bxf6 15. Nxe4 Bxd4 16. c3 Be5 17. Bxf7+ Kh8 18. Qh5 Rxb2 19. Ng5 Bf5 20. Be6
Qf6 21. Nf7+ Rxf7 22. Bxf7 g6 23. Bxg6 Bxg6 24. Qh3 Bxc3 25. Rad1 Be5 26. Rd8+
Qxd8 {Normal} 0-1

[Event "Rated Blitz game"]
[Site "?"]
[Date "2021.10.30"]
[Round "?"]
[White "PimponNicois"]
[Black "khalid_ontawar"]
[Result "1-0"]
[WhiteElo "2455"]
[BlackElo "2422"]
[PlyCount "41"]
[EventDate "2021.??.??"]
[EventType "blitz"]

1. e4 e5 2. Nf3 d5 3. exd5 e4 4. Qe2 Nf6 5. d3 Bf5 6. Nbd2 Qxd5 7. dxe4 Nxe4 8.
Nh4 g6 9. Nxf5 gxf5 10. f3 Qe6 11. fxe4 f4 12. Qc4 Qe7 13. Nf3 Nc6 14. Bxf4
O-O-O 15. Bd3 f5 16. O-O-O fxe4 17. Bxe4 Bg7 18. Bxc6 bxc6 19. Qxc6 Bxb2+ 20.
Kb1 Bf6 21. Qa8# {Normal} 1-0

[Event "Rated Blitz game"]
[Site "?"]
[Date "2021.10.30"]
[Round "?"]
[White "kadirtoren1313"]
[Black "mirekkk14"]
[Result "1-0"]
[WhiteElo "2462"]
[BlackElo "2417"]
[PlyCount "69"]
[EventDate "2021.??.??"]
[EventType "blitz"]

1. e4 e5 2. Nf3 d5 3. exd5 e4 4. Nd4 Qxd5 5. Nb3 Nf6 6. Nc3 Qe5 7. Bb5+ c6 8.
Bc4 Bd6 9. Ne2 Bg4 10. d4 exd3 11. Bxd3 Nbd7 12. f3 Be6 13. Bf4 Qd5 14. Nc3
Bxf4 15. Nxd5 Nxd5 16. O-O Ne3 17. Qe2 Nxf1 18. Rxf1 O-O-O 19. Qf2 Kb8 20. Nd4
Rhe8 21. Nxe6 Rxe6 22. Re1 Rde8 23. Re4 Rxe4 24. fxe4 Be5 25. Qxf7 Rd8 26. g4
Bxb2 27. g5 Ne5 28. Qe7 Rd7 29. Qe6 Kc7 30. Be2 Rf7 31. h4 Bd4+ 32. Kh1 Rf2 33.
Qe7+ Kb6 34. Qb4+ Kc7 35. Qxd4 {Normal} 1-0

[Event "Rated Blitz game"]
[Site "?"]
[Date "2021.10.30"]
[Round "?"]
[White "mriglu"]
[Black "Annali-annaliew1979"]
[Result "0-1"]
[WhiteElo "2415"]
[BlackElo "2473"]
[PlyCount "88"]
[EventDate "2021.??.??"]
[EventType "blitz"]

1. e4 e5 2. Nf3 d5 3. Nxe5 Qe7 4. d4 f6 5. Nd3 Nc6 6. Be3 dxe4 7. Nc5 f5 8. Bb5
a6 9. Bxc6+ bxc6 10. Nd2 Nf6 11. Ndb3 Qf7 12. Qd2 Bd6 13. O-O-O a5 14. a4 Nd5
15. g3 O-O 16. h4 Nb4 17. Nxa5 Bxc5 18. dxc5 Rxa5 19. Qxb4 Ra6 20. b3 Be6 21.
Bd4 Bd5 22. Bb2 e3 23. fxe3 Bxh1 24. Rxh1 Raa8 25. Qc3 Rfe8 26. h5 h6 27. Rf1
Re7 28. g4 Rae8 29. Rxf5 Qe6 30. a5 Qe4 31. Kb1 Qxg4 32. Rf4 Qxh5 33. a6 Qg6
34. a7 Kh7 35. Ra4 Ra8 36. Bc1 Rf7 37. Qd3 Qxd3 38. cxd3 Rf2 39. e4 h5 40. Bb2
h4 41. Be5 h3 42. Bxc7 h2 43. Bxh2 Rxh2 44. e5 Re2 {Time forfeit} 0-1

[Event "Rated Blitz game"]
[Site "?"]
[Date "2021.10.30"]
[Round "?"]
[White "Misi_95"]
[Black "dr_xStranger"]
[Result "0-1"]
[WhiteElo "2739"]
[BlackElo "2649"]
[PlyCount "162"]
[EventDate "2021.??.??"]
[EventType "blitz"]

1. e4 e5 2. Nf3 d5 3. d4 exd4 4. e5 Nc6 5. Bb5 Bd7 6. O-O Nge7 7. Re1 Ng6 8.
Bxc6 bxc6 9. Nxd4 c5 10. Nb3 Be6 11. Nc3 d4 12. Ne4 Bxb3 13. axb3 Be7 14. f4
Qd7 15. Ra5 O-O 16. Nxc5 Qc6 17. Nd3 Rfd8 18. Qe2 Qb6 19. Ra4 Qe6 20. Qe4 Nh4
21. g3 Nf5 22. g4 Ne3 23. f5 Qb6 24. Bxe3 dxe3 25. Qxe3 c5 26. Rc4 Rac8 27. Rf1
Rd4 28. Rxd4 cxd4 29. Qe2 Bg5 30. Qg2 Be3+ 31. Kh1 Qc7 32. Nb4 Qxe5 33. Nd5 Rd8
34. c4 dxc3 35. Nxc3 h6 36. Qe4 Qxe4+ 37. Nxe4 Rb8 38. Rf3 Bd4 39. f6 Re8 40.
Ng3 Bxf6 41. Kg2 Bxb2 42. Rd3 Be5 43. Nf5 Rb8 44. h3 Bf4 45. Kf3 Bc1 46. Ne7+
Kf8 47. Nc6 Ra8 48. Rd7 a6 49. Ne5 f6 50. Ng6+ Kg8 51. Rb7 Re8 52. Ne7+ Kf8 53.
Ng6+ Kg8 54. Ne7+ Kh8 55. Nf5 g6 56. Nd6 Re3+ 57. Kg2 Rd3 58. Ne4 Bg5 59. Rb6
a5 60. Nxg5 fxg5 61. Rxg6 Rxb3 62. Rxh6+ Kg7 63. Ra6 Ra3 64. Kh2 Kf7 65. Kg2 a4
66. Ra5 Kf6 67. Ra6+ Ke5 68. Rg6 Kf4 69. Rf6+ Ke4 70. Rf5 Ra2+ 71. Kg3 Ra3+ 72.
Kg2 Ra2+ 73. Kg1 a3 74. Ra5 Kf3 75. Rxg5 Rg2+ 76. Kh1 a2 77. Rf5+ Kg3 78. Rf1
Rh2+ 79. Kg1 Rg2+ 80. Kh1 Rb2 81. Rg1+ Kxh3 {Normal} 0-1

[Event "Rated Blitz game"]
[Site "?"]
[Date "2021.10.30"]
[Round "?"]
[White "Abdullah1508"]
[Black "Annali-annaliew1979"]
[Result "0-1"]
[WhiteElo "2403"]
[BlackElo "2493"]
[PlyCount "64"]
[EventDate "2021.??.??"]
[EventType "blitz"]

1. e4 e5 2. Nf3 d5 3. Nc3 dxe4 4. Nxe4 f5 5. Nxe5 fxe4 6. Qh5+ g6 7. Nxg6 hxg6
8. Qxh8 Be6 9. d4 Qd7 10. Be3 Nc6 11. c4 Bb4+ 12. Kd1 Nxd4 13. Kc1 Nf5 14. Bg5
Nfe7 15. Be2 Qc6 16. b3 O-O-O 17. Rd1 Re8 18. Kc2 e3 19. Bf3 Bf5+ 20. Kb2 Be4
21. a3 Bxf3 22. gxf3 e2 23. axb4 exd1=Q 24. Rxd1 Qxf3 25. Bxe7 Qxd1 26. Bh4
Re2+ 27. Ka3 Re8 28. Qc3 b6 29. c5 Qe1 30. Qh3+ Kb8 31. Ka4 a6 32. cxb6 Qa1# {
Normal} 0-1

[Event "Rated Blitz game"]
[Site "?"]
[Date "2021.10.30"]
[Round "?"]
[White "mehditarkibi"]
[Black "DOOGE228"]
[Result "0-1"]
[WhiteElo "2401"]
[BlackElo "2463"]
[PlyCount "74"]
[EventDate "2021.??.??"]
[EventType "blitz"]

1. e4 e5 2. Nf3 d5 3. exd5 e4 4. Qe2 Nf6 5. Nc3 Be7 6. Nxe4 O-O 7. d3 Re8 8.
Be3 Nxd5 9. O-O-O f5 10. c4 Nxe3 11. Qxe3 fxe4 12. dxe4 Nd7 13. Bd3 c5 14. Bc2
Qa5 15. Kb1 Bf6 16. Rd5 Qb6 17. b3 Ne5 18. Nxe5 Rxe5 19. f4 Rxd5 20. cxd5 Bd4
21. Qd3 Qh6 22. g3 a5 23. a4 Bd7 24. e5 b5 25. axb5 a4 26. bxa4 Bg4 27. h3 Rf8
28. Re1 Bf5 29. Qc4 Qxh3 30. e6 Qxg3 31. Rf1 Qg2 32. e7 Bxc2+ 33. Kc1 Be3+ 34.
Kb2 Bd3+ 35. Kb3 Bxc4+ 36. Kxc4 Qxf1+ 37. Kc3 Qc1+ {Normal} 0-1

[Event "Rated Blitz game"]
[Site "?"]
[Date "2021.10.30"]
[Round "?"]
[White "chelipa"]
[Black "blastol"]
[Result "0-1"]
[WhiteElo "2379"]
[BlackElo "2498"]
[PlyCount "112"]
[EventDate "2021.??.??"]
[EventType "blitz"]

1. e4 e5 2. Nf3 d5 3. Nxe5 Bd6 4. d4 dxe4 5. Bc4 Bxe5 6. dxe5 Qxd1+ 7. Kxd1 Nc6
8. Nc3 Nxe5 9. Nb5 Bg4+ 10. Be2 O-O-O+ 11. Ke1 Bxe2 12. Kxe2 a6 13. Nc3 f5 14.
Bf4 Nc4 15. b3 Na3 16. Rac1 Nf6 17. Nd1 Nb5 18. c3 Rd3 19. a4 Nd6 20. Nb2 Rd5
21. c4 Rc5 22. Be3 Re5 23. c5 Nf7 24. Nc4 Rd5 25. b4 g5 26. g3 Ng4 27. b5 axb5
28. axb5 Nxe3 29. Nxe3 Re5 30. b6 f4 31. Ng4 Rd5 32. Ra1 cxb6 33. cxb6 Kd8 34.
Rhc1 Re8 35. Rc7 Rd7 36. Ra8+ Ke7 37. Ne5 Rxc7 38. Rxe8+ Kxe8 39. bxc7 Nd6 40.
gxf4 gxf4 41. Nc4 Nc8 42. Nd2 Kd7 43. Nxe4 Kxc7 44. Kf3 b5 45. Kxf4 Nd6 46. Nd2
b4 47. Ke5 Nb5 48. Nb3 Kb6 49. f4 Nc3 50. f5 Kb5 51. f6 Kc4 52. Nd4 Nb5 53. Ne2
b3 54. Nc1 b2 55. Na2 Kb3 56. Nc1+ bxc1=Q {Time forfeit} 0-1

[Event "Rated Blitz game"]
[Site "?"]
[Date "2021.10.30"]
[Round "?"]
[White "Russian_doctor"]
[Black "alaeldin1212"]
[Result "1-0"]
[WhiteElo "2432"]
[BlackElo "2403"]
[PlyCount "81"]
[EventDate "2021.??.??"]
[EventType "blitz"]

1. e4 e5 2. Nf3 d5 3. Nxe5 Bd6 4. d4 dxe4 5. Nc4 Nf6 6. Nxd6+ Qxd6 7. Be2 Nc6
8. c3 Ne7 9. O-O h6 10. Nd2 Ng6 11. Nc4 Qe6 12. Ne3 Nf4 13. Bc4 Qe7 14. f3 g5
15. fxe4 Qxe4 16. Qf3 Be6 17. Bxe6 Qxe6 18. Qxb7 O-O 19. Qxc7 N6d5 20. Nxd5
Nxd5 21. Qe5 Qxe5 22. dxe5 Rfe8 23. Re1 Re6 24. Bd2 Rae8 25. c4 Nb6 26. b3 Rxe5
27. Rxe5 Rxe5 28. Re1 Rf5 29. Bc3 Nd7 30. Rf1 Rxf1+ 31. Kxf1 f5 32. Bd4 a6 33.
c5 Nb8 34. b4 Nc6 35. Bc3 Kf7 36. a4 Ke6 37. b5 axb5 38. axb5 Nb8 39. c6 Kd6
40. Be5+ Kxe5 41. c7 {Normal} 1-0

[Event "Rated Blitz game"]
[Site "?"]
[Date "2021.10.30"]
[Round "?"]
[White "Meister_Eder_03"]
[Black "alaeldin1212"]
[Result "1-0"]
[WhiteElo "2509"]
[BlackElo "2390"]
[PlyCount "67"]
[EventDate "2021.??.??"]
[EventType "blitz"]

1. e4 e5 2. Nf3 d5 3. exd5 e4 4. Qe2 Nf6 5. Nc3 Be7 6. Nxe4 O-O 7. Nxf6+ Bxf6
8. Qd1 Qxd5 9. Be2 Nc6 10. O-O Bg4 11. c3 Rfe8 12. d4 Ne7 13. Bf4 Ng6 14. Bg3
c5 15. dxc5 Qxc5 16. Re1 Rad8 17. Qa4 Qb6 18. Qxg4 Qxb2 19. Bf1 Rxe1 20. Rxe1
Bxc3 21. Re2 Qb1 22. Qe4 Qb6 23. h4 h6 24. h5 Nf8 25. Bh4 Rc8 26. Be7 Ne6 27.
Rc2 Qa5 28. Bc4 Re8 29. Bd6 Bf6 30. Qd5 Qb6 31. Bb3 Rd8 32. Rd2 Nf4 33. Bxf4
Rxd5 34. Rxd5 {Time forfeit} 1-0

[Event "Rated Blitz game"]
[Site "?"]
[Date "2021.10.30"]
[Round "?"]
[White "Zaphod-Beeblebrox"]
[Black "Benny_Watts_2005"]
[Result "0-1"]
[WhiteElo "2424"]
[BlackElo "2415"]
[PlyCount "110"]
[EventDate "2021.??.??"]
[EventType "blitz"]

1. e4 e5 2. Nf3 d5 3. exd5 e4 4. Qe2 Nf6 5. d3 Qxd5 6. dxe4 Qxe4 7. Nc3 Qxe2+
8. Bxe2 Bd6 9. Bg5 Nbd7 10. O-O-O O-O 11. Nb5 Re8 12. Nxd6 cxd6 13. Rhe1 d5 14.
Bb5 Rxe1 15. Rxe1 Ne4 16. Be3 a6 17. Be2 Ndf6 18. Rd1 Bf5 19. Nd4 Bg6 20. Bd3
Rc8 21. f3 Nc5 22. Bxg6 hxg6 23. c3 b5 24. Bf2 b4 25. Ne2 bxc3 26. Nxc3 Na4 27.
Bd4 Nxc3 28. Bxc3 Rd8 29. Bxf6 gxf6 30. Kd2 Kf8 31. Re1 Rb8 32. b3 Rb4 33. g3
a5 34. Kc3 f5 35. Rd1 Rb5 36. Rd4 Ke7 37. Kd3 Ke6 38. f4 Rc5 39. a3 Rc1 40. Ra4
Rb1 41. Kc2 Rh1 42. Rxa5 Rxh2+ 43. Kc3 Rh3 44. Ra6+ Kd7 45. b4 Rxg3+ 46. Kd4
Rf3 47. Kxd5 Rxf4 48. b5 Rf1 49. a4 f4 50. Kc5 Kc7 51. Ra7+ Kb8 52. b6 Rc1+ 53.
Kd6 f3 54. a5 f2 55. Rc7 f1=Q {Time forfeit} 0-1

[Event "Rated Blitz game"]
[Site "?"]
[Date "2021.10.30"]
[Round "?"]
[White "scabies"]
[Black "Benny_Watts_2005"]
[Result "0-1"]
[WhiteElo "2448"]
[BlackElo "2420"]
[PlyCount "112"]
[EventDate "2021.??.??"]
[EventType "blitz"]

1. e4 e5 2. Nf3 d5 3. Nc3 d4 4. Ne2 Bd6 5. Ng3 c5 6. Bc4 Nf6 7. d3 O-O 8. a3
Nc6 9. O-O a6 10. h3 b5 11. Ba2 Qc7 12. Nh4 Ne7 13. Bg5 Ne8 14. Qh5 g6 15. Qh6
Be6 16. Bxe7 Qxe7 17. Bxe6 Qxe6 18. a4 b4 19. b3 Ng7 20. Rae1 Rae8 21. Re2 f5
22. Nf3 f4 23. Ng5 Rf6 24. Qxh7+ Kf8 25. Nxe6+ Rexe6 26. Nh1 g5 27. Qh8+ Kf7
28. Qa8 Bf8 29. Qb7+ Re7 30. Qd5+ Kg6 31. f3 Nh5 32. g3 Ref7 33. Rg2 Be7 34.
Qxe5 Bd6 35. Qd5 Re7 36. gxf4 Bxf4 37. h4 Re5 38. Qd8 Rf7 39. Qg8+ Rg7 40. Qd8
Nf6 41. Nf2 Kf7 42. Nh3 gxh4 43. Rxg7+ Kxg7 44. Nxf4 Rg5+ 45. Kh2 Re5 46. Rg1+
Kf7 47. Qc7+ Re7 48. Qxc5 h3 49. Qc4+ Kf8 50. Ng6+ Ke8 51. Nxe7 Ng4+ 52. fxg4
Kxe7 53. Rg3 Kf6 54. Rxh3 Kg5 55. Rh5+ Kf4 56. Qc5 Kf3 {Time forfeit} 0-1